|
|
|
|
| LEADER |
00000nab a2200000 4500 |
| 005 |
20190205172210.0 |
| 008 |
150806b2002 cr f|||| |||| 00| 0 spa d |
| 999 |
|
|
|c 2787
|d 2787
|
| 090 |
|
|
|a REVIS 06.02.01
|
| 100 |
1 |
|
|9 747
|a Sol Arrianza, Ricardo
|
| 245 |
1 |
3 |
|a La educación superior en América Latina ante los retos del contexto actual /
|c Ricardo Sol Arrianza, Alicia Guardían Fernández, José Andrés Masis B., Alejandrina Mata Segreda
|
| 260 |
|
|
|a San José, Costa Rica :
|b Editorial Universidad de Costa Rica,
|c 2002
|
| 300 |
|
|
|a páginas 29-30
|
| 650 |
1 |
4 |
|9 1
|a EDUCACIÓN
|
| 700 |
1 |
|
|9 169
|a Gurdián Fernández, Alicia
|
| 700 |
1 |
|
|9 109
|a Mata Segreda, Alejandrina
|
| 700 |
1 |
|
|9 940
|a Masis B, José Andrés
|c Moderadora
|
| 773 |
0 |
|
|d San José, Costa Rica : Editorial de la Universidad de Costa Rica, 1997-
|o R0059
|t EDUCACIÓN: Revista de la Universidad de Costa Rica
|g Vol.26, no.2 (2002)
|
| 942 |
|
|
|h REVIS 06.02.01
|2 z
|c 10
|